Financial accounting (Record no. 14957)

MARC details
000 -LEADER
fixed length control field 00652nam a22002177a 4500
003 - CONTROL NUMBER IDENTIFIER
control field URS
005 - DATE AND TIME OF LATEST TRANSACTION
control field 20230726150629.0
008 - FIXED-LENGTH DATA ELEMENTS--GENERAL INFORMATION
fixed length control field 180103b xxu||||| |||| 00| 0 eng d
040 ## - CATALOGING SOURCE
Transcribing agency urs
050 ## - LIBRARY OF CONGRESS CALL NUMBER
Classification number HF 5635 R63 2018
100 ## - MAIN ENTRY--PERSONAL NAME
9 (RLIN) 3388
Personal name Robles, Nenita S.
Relator term author
245 ## - TITLE STATEMENT
Title Financial accounting
Remainder of title theory and problems
Statement of responsibility, etc. Nenita S. Robles
250 ## - EDITION STATEMENT
Edition statement 2018 edition
260 ## - PUBLICATION, DISTRIBUTION, ETC.
Place of publication, distribution, etc. Quezon City
Name of publisher, distributor, etc. John Lester Enterprise & Printing Services
Date of publication, distribution, etc. 2018
336 ## - CONTENT TYPE
Source rdacontent
Content type term text
Content type code txt
337 ## - MEDIA TYPE
Source rdamedia
Media type term unmediated
Media type code n
338 ## - CARRIER TYPE
Source rdacarrier
Carrier type term volume
Carrier type code nc
650 #0 - SUBJECT ADDED ENTRY--TOPICAL TERM
9 (RLIN) 2788
Topical term or geographic name entry element Accounting
700 ## - ADDED ENTRY--PERSONAL NAME
Relator code author
Personal name Robles, Nenita S.
942 ## - ADDED ENTRY ELEMENTS (KOHA)
Source of classification or shelving scheme Library of Congress Classification
Koha item type Filipiniana
Holdings
Withdrawn status Source of classification or shelving scheme Damaged status Not for loan Collection code Home library Current library Shelving location Date acquired Total Checkouts Full call number Barcode Date last seen Price effective from Koha item type
  Library of Congress Classification     Non-fiction Binangonan College Library Binangonan College Library Filipiniana Section 01/03/2018   HF 5635 R63 2018 URSBIN-3013 01/03/2018 01/03/2018 Filipiniana

University of Rizal System
Email us at univlibservices@urs.edu.ph

Visit our Website www.urs.edu.ph/library